Actors By Movie 7-to-1: 2001 Quiz Stats

 Plays Quiz Updated Jul 11, 2018

Challenge
Share
Tweet
Embed
Score 0/28 Timer 06:00
25 Plays Today
% Correct
George Clooney
96.8%
Brad Pitt
96.5%
Daniel Radcliffe
94.2%
Matt Damon
93.6%
Elijah Wood
92.8%
Emma Watson
91.8%
Eddie Murphy
90.7%
Ian McKellen
90.7%
Nicole Kidman
89.8%
Rupert Grint
89.2%
Alan Rickman
88.7%
Mike Myers
88.5%
Cameron Diaz
87.8%
Julia Roberts
87.3%
% Correct
Orlando Bloom
86.8%
Viggo Mortensen
86.2%
Ben Affleck
85.3%
Andy Garcia
84.4%
Bernie Mac
81.8%
Ewan McGregor
80.5%
Jake Gyllenhaal
80.3%
Sean Bean
78.9%
Casey Affleck
76.9%
Christopher Lee
73.9%
Tom Felton
67.1%
John Leguizamo
63%
Jim Broadbent
61.7%
Drew Barrymore
59.7%

You're not logged in!

Compare scores with friends on all Sporcle quizzes.
Join for Free
OR
Log In

You Might Also Like...

Show Comments

Extras

Top Quizzes Today


Score Distribution

Your Account Isn't Verified!

In order to create a playlist on Sporcle, you need to verify the email address you used during registration. Go to your Sporcle Settings to finish the process.

Report this User

Report this user for behavior that violates our Community Guidelines.

Details: